000 00394nam a22001697a 4500
003 macl
005 20160203130223.0
008 160203b xxu||||| |||| 00| 0 eng d
040 _cmacl
041 _aEnglish
082 _a900/JHA
100 _aJha N.H
_936557
245 _aHistory Of Delhi
260 _aAllahabad
_bVikalp Prakashan
_c2012
650 _aHistory
_936558
942 _2ddc
_cBK
999 _c53028
_d53028